Planning and Compulsory Purchase Act 2004 (Record no. 103840)

MARC details
000 -LEADER
fixed length control field 01023cam a2200277 4500
001 - CONTROL NUMBER
control field L127971
008 - FIXED-LENGTH DATA ELEMENTS--GENERAL INFORMATION
fixed length control field 041116n2005 000 0 eng u
020 ## - INTERNATIONAL STANDARD BOOK NUMBER
International Standard Book Number 1853289256
035 ## - SYSTEM CONTROL NUMBER
System control number (Sirsi) u127971
041 ## - LANGUAGE CODE
Language code of text/sound track or separate title eng
050 ## - LIBRARY OF CONGRESS CALL NUMBER
Classification number 711.1
-- 18
100 ## - MAIN ENTRY--PERSONAL NAME
Personal name Tromans, Stephen
245 ## - TITLE STATEMENT
Title Planning and Compulsory Purchase Act 2004
Remainder of title a guide to the new law
260 ## - PUBLICATION, DISTRIBUTION, ETC.
Place of publication, distribution, etc. London
Name of publisher, distributor, etc. Law Society
Date of publication, distribution, etc. 2005
300 ## - PHYSICAL DESCRIPTION
Extent xxiii, 299p.
Dimensions 24cm.
350 ## - PRICE (NR) (BK AM CF MU VM SE) [OBSOLETE]
Price 39.95
520 ## - SUMMARY, ETC.
Summary, etc. Provides analysis of the first major reform of UK planning law for 10 years. Places the Planning and Compulsory Purchase Act 2004 within the context of its supporting regulations and includes the Act, together with extracts from the new regulations and guidance.
590 ## - LOCAL NOTE (RLIN)
Local note IKA210605
650 ## - SUBJECT ADDED ENTRY--TOPICAL TERM
Topical term or geographic name entry element PLANNING AND COMPULSORY PURCHASE ACT 2004
690 ## - LOCAL SUBJECT ADDED ENTRY--TOPICAL TERM (OCLC, RLIN)
Topical term or geographic name as entry element ENVIRONMENTAL AND LAND CONSULTANCY-PLANNING AND DEVELOPMENT
700 ## - ADDED ENTRY--PERSONAL NAME
Personal name Edwards, Martin
700 ## - ADDED ENTRY--PERSONAL NAME
Personal name Harwood, Richard
700 ## - ADDED ENTRY--PERSONAL NAME
Personal name Thornton, Justine
942 ## - ADDED ENTRY ELEMENTS (KOHA)
Suppress in OPAC 0
Holdings
Withdrawn status Lost status Source of classification or shelving scheme Damaged status Not for loan Home library Current library Shelving location Date acquired Cost, normal purchase price Total Checkouts Full call number Barcode Date last seen Date last checked out Copy number Cost, replacement price Price effective from Koha item type
    Dewey Decimal Classification     London London Books 09/06/2005 33.96 17 711.1 TRO 30069937 06/08/2019 08/06/2009 1 33.96 06/08/2019 Book